[Event "Lanaudiere"]
[Site "Repentigny"]
[Date "2008.08.15"]
[Round "1"]
[White "Nunez Painchaud, Raphael"]
[Black "Delagrave, Sylvain"]
[Result "0-1"]
[WhiteElo "1800"]
[BlackElo "2025"]
[PlyCount "104"]
[EventDate "2008.08.15"]
[EventType "swiss"]
[EventRounds "5"]
[EventCountry "CAN"]
[SourceTitle "EXT 2011"]
[Source "ChessBase"]
[SourceDate "2010.11.26"]
[SourceVersion "1"]
[SourceVersionDate "2010.11.26"]
[SourceQuality "1"]

1. c4 e5 2. g3 g6 3. Bg2 Bg7 4. Nc3 Nc6 5. d3 d6 6. Nf3 Nge7 7. 0-0 0-0 8. Rb1 a5 9. a3 f5 10. Bd2 h6 11. b4 axb4 12. axb4 g5 13. b5 Nb8 14. Ne1 Nd7 15. Nc2 Nf6 16. Nb4 Qe8 17. e3 f4 18. d4 Bg4 19. f3 Bf5 20. dxe5 dxe5 21. e4 Be6 22. Ncd5 Nfxd5 23. Nxd5 Nxd5 24. cxd5 Bd7 25. Qb3 Kh8 26. Rfc1 Qb8 27. g4 Rc8 28. Bf1 Qa7+ 29. Kg2 Qa2 30. Rc2 Qxb3 31. Rxb3 Bf8 32. Be1 Bd6 33. Bf2 b6 34. Rb1 Ra4 35. h4 Kg7 36. hxg5 hxg5 37. Rbc1 Raa8 38. Be2 Kf6 39. Rh1 Rh8 40. Rxh8 Rxh8 41. Ra2 Rb8 42. Ra7 Ke7 43. Bd3 Rc8 44. Kf1 Bb4 45. Ke2 Kd6 46. Ra1 Rh8 47. Bg1 Bc5 48. Bxc5+ Kxc5 49. Kd2 Rh2+ 50. Kc3 Rf2 51. Ra7 Kd6 52. Ra8 Rxf3 0-1